Rebooting India

Bewaard in:
Bibliografische gegevens
Hoofdauteur: Nandan Nilekani
Formaat: Boek
Gepubliceerd in: Penguin
Onderwerpen:
Tags: Voeg label toe
Geen labels, Wees de eerste die dit record labelt!

MARC

LEADER 00000nam a2200000Ia 4500
005 20260427112724.0
526 |b Economics 
100 |a Nandan Nilekani 
020 |a 9780143427636 
650 |a Indian Economy 
526 |a Bachelors 
942 |c BK 
245 |a Rebooting India 
260 |b Penguin 
999 |c 114  |d 114 
952 |0 0  |1 0  |4 0  |7 0  |8 1  |a BRISTOL  |b BRISTOL  |d 2026-04-22  |l 0  |p 000017  |r 2026-04-27 11:27:24  |w 2026-04-27  |y BK